Statistics for Famous Danes

Click here to take the quiz!

General Stats

  • This quiz has been taken 20 times
  • The average score is 11 of 18

Answer Stats

HintDane% Correct
Author famous for "Little Mermaid" and "Ugly Duckling"Hans Christian Andersen
100%
Fictional prince of Denmark in a Shakespeare playHamlet
94%
Band famous for their 1998 Hit "Barbie Girl"Aqua
83%
Physicist known for atomic structure, quantum theory and a Nobel in Physics in 1922Niels Bohr
83%
World's biggest breed of dogGreat Dane
78%
Philosopher, theologian, religious author; considered to be the first existentialist philosopherSøren Kierkegaard
72%
Explorer of the north-eastern Asia/western coast of America, has a lot of things named after him like a famous straitVitus Bering
72%
Ex-wife of Sylvester Stallone, known for 'Red Sonja', 'Rocky IV' and dating Flavor FlavBrigitte Nielsen
67%
The drummer of MetallicaLars Ulrich
56%
Highest ranking female tennis player ever in Scandinavia; currently no.2 tennisplayer in singles in the WTA TourCaroline Wozniacki
50%
Author of " Out Of Africa "; portrayed in a movie by Meryl StreepKaren Blixen
50%
Film director known for "Breaking the Waves","Dancer in the Dark" and "Dogville"Lars von Trier
50%
Actor known as a Bond villain and Dr.Hannibal in the tv-series "Hannibal"Mads Mikkelsen
50%
90's supermodel famous for Chris Isaak's video "Wicked Game"Helena Christensen
44%
Astronomer in the 1500s ; worked with KeplerTycho Brahe
44%
Architect known for the world famous Sydney Opera HouseJørn Utzon
39%
Actor known as 'Jamie Lannister' in "Game of Thrones"Nikolaj Coster-Waldau
39%
Architect (Aarhus Town Hall) and designer known for his chair designs; Swan, Egg and AntArne Jacobsen
33%

Score Distribution

Percentile by Number Answered

Percent of People with Each Score

Your Score History

You have not taken this quiz